000 01067nam a2200121Ia 4500
008 220615s9999||||xx |||||||||||||| ||und||
245 0 _aNutrition for Anemia
546 _aEnglish[eng]
650 _airon deficiency anemia||fermented goat milk||brain molecular functions||neuroprotective effect||iron supplementation||pregnancy||randomized controlled trial||serum ferritin||hemoglobin||iron status||iron stores||HFE gene||iron||anemia||kidney||hepcidin||erythropoietin||celiac disease||gluten-free diet||iron deficiency||micronutrient deficiencies||infant||breast milk||formula milk||high intensity exercise||ubiquinol||hematological parameters||inflammation||ergogenic effect||acai||erythropoiesis||anaemia||altitude adjustment||haemoglobin||South Africa||women of reproductive age||nutritional adequacy||children||fermented cow and goat milk||iron homeostasis||iron repletion||gene and protein expression||redox unbalance||prematurity||transfusion||blood-sparing
700 _aDiaz-Castro, Javier
856 _uhttps://mdpi.com/books/pdfview/book/2735
942 _cEB
999 _c12576
_d12576